Library Banner

The population of India (Record no. 82368)

MARC details
000 -LEADER
fixed length control field 00383nam a22001457a 4500
005 - DATE AND TIME OF LATEST TRANSACTION
control field 20160127143531.0
008 - FIXED-LENGTH DATA ELEMENTS--GENERAL INFORMATION
fixed length control field 160127b xxu||||| |||| 00| 0 eng d
040 ## - CATALOGING SOURCE
Transcribing agency PK-LaUMT
082 ## - DEWEY DECIMAL CLASSIFICATION NUMBER
Classification number KHC 312.54
Item number BRI-P
100 ## - MAIN ENTRY--PERSONAL NAME
Personal name Brij narain
245 ## - TITLE STATEMENT
Title The population of India
Remainder of title a comparative study
Statement of responsibility, etc Brij narain
260 ## - PUBLICATION, DISTRIBUTION, ETC. (IMPRINT)
Place of publication, distribution, etc Lahore
Name of publisher, distributor, etc Rama krishna
Date of publication, distribution, etc 1925
300 ## - PHYSICAL DESCRIPTION
Extent 212 p.
942 ## - ADDED ENTRY ELEMENTS (KOHA)
Koha item type Books
Holdings
Withdrawn status Lost status Damaged status Home library Current library Date acquired Full call number Barcode Date last seen Price effective from Koha item type
      UMT Main Campus UMT Main Campus 2016-01-27 KHC 312.54 BRI-P 73827 2016-01-27 2016-01-27 Books